000 00324nam a22001337a 4500
008 170929b xxu||||| |||| 00| 0 eng d
020 _a9780205627592
041 _aeng
080 _a37
100 _a47
101 _aEDU
245 _aTHE STOP MODEL FOR TEACHING SCIENCE TO ENGLISH LEARNERS
_cSHORT, D.J
942 _2udc
_cBK
999 _c30786
_d30786